00334pab a2200121 454500008004000000100001900040245008000059260000900139300001500148362000800163650001100171773003000182180718b2010 xxu||||| |||| 00| 0 eng d aHughes, Nathan aModels and approaches in family-focused policy and practice: Review article c2010 ap.545-555. aOct aFamily aSocial Policy and Society